=LDR 00000nam 2200000 4500 =001 INLIS000000000041890 =005 20170403111303.0 =006 =007 =008 Ind =035 ##$$0010-061300000041890 =041 ##$$a Ind =082 ##$$a 658.720 26 =090 ##$$a 658, Pen p =245 ##$$a Pengadaan barang/jasa pemerintah : peraturan presiden RI nomor 70 tahun 2012 tentang perubahan kedua atas peraturan presiden nomor 54 tahun 2010 =260 ##$$a 2012 $b Bandung =300 ##$$a v, 132 hlm., 21 cm =650 ##$$a Pengadaan Barang - Peraturan - Presiden =850 ##$$a NBPNMAT